000 00748nam a2200253 i 4500
001 C2-0253500
003 PPAK
005 20180727220756.0
008 040323s1985 my |||| ||||| | eng d
040 _aPPAK
_beng
_cPPAK
_erda
082 0 4 _a346.595054
_223
090 0 0 _a346.595054
_bMAL
_dR
110 2 _aMalaysia
245 0 0 _aWills ordinance 1959 No. 38 of 1959 with table of cases :
_b(as at 1st January 1985)
264 1 _aKuala Lumpur :
_bMalaysian Law Publishers ,
_c1985
300 _a10 pages ;
_c25 cm
336 _2rdacontent
_atext
337 _2rdamedia
_aunmediated
338 _2rdacarrier
_avolume
650 1 0 _aWills - Malaysia
700 1 _aYap, Thiam Huat,
_ecompile
710 2 _aMalaysia
_eorganizer
942 _ddc
_cB
999 _c66344
_d66344